| 000 | 00918cam a2200277 i 4500 | ||
|---|---|---|---|
| 001 | 8889 | ||
| 003 | KOSZ 005 | ||
| 005 | 20191008114848.0 | ||
| 008 | 070809s1970 pl a f f 001 0 pol | ||
| 015 | _aPB 1970/7414 | ||
| 040 |
_aWA N _cWA N _dKOSZ 005/HR |
||
| 080 | _a669.1 | ||
| 080 | _a621.7 | ||
| 100 | 1 | _aŻmihorski, Edward. | |
| 245 | 1 | 0 |
_aStale narzędziowe i obróbka cieplna narzędzi / _cEdward Żmihorski. |
| 250 | _aWyd. 2 popr. i uzup. | ||
| 260 |
_aWarszawa : _bWydawnictwa Naukowo-Techniczne, _c1970. |
||
| 300 |
_a459, [1] s. : _bil., err. ; _c25 cm. |
||
| 380 | _aKsiążki | ||
| 504 | _aBibliogr. s. 449-[453]. Indeks. | ||
| 650 | 4 |
_aNarzędzia _xtechnologia. |
|
| 650 | 4 | _aStal | |
| 710 | 2 |
_aWydawnictwa Naukowo-Techniczne _4pbl. |
|
| 856 |
_uhttp://koha.tu.koszalin.pl/cgi-bin/koha/opac-detail.pl?biblionumber=8889 _yKatalog online BPK |
||
| 942 |
_2UKD _cKS |
||
| 999 |
_c8889 _d8889 |
||